000
00286nam a2200109Ia 4500
008
200302s9999 xx 000 0 und d
100
_a
Martha Thorne
245
_a
Modern Trains and Splendid Stations
260
_b
Merrell The art Institute of Chicago
260
_c
2001
300
_a
160 P.,
999
_c
1971
_d
1971